书目信息 |
| 题名: |
野生动物趣谈:野生动物与环境(上)
|
|
| 作者: | 袁建国 编著 | |
| 分册: | ||
| 出版信息: | 北京 中国环境科学出版社 1997.10 |
|
| 页数: | 183页 | |
| 开本: | 32开 | |
| 丛书名: | ||
| 单 册: | ||
| 中图分类: | X174-49 | |
| 科图分类: | ||
| 主题词: | 环境生物学 | |
| 电子资源: | ||
| ISBN: | 7-80093-571-X | |
| 000 | 00609nam0 2200193 45 | |
| 001 | 0007191064 | |
| 005 | 20001011100524.0 | |
| 010 | @a7-80093-571-X@d7.80元 | |
| 100 | @a20000719d1997 km y0chiy0120 ea | |
| 101 | 0 | @achi |
| 105 | @a z 000yy | |
| 200 | 1 | @a野生动物趣谈:野生动物与环境(上)@AYe Sheng Dong Wu Qu Tan:Ye Sheng Dong Wu Yu Huan Jing(Shang)@f袁建国编著@FYuan Jian Guo Bian Zhu |
| 210 | @a北京@c中国环境科学出版社@d1997.10 | |
| 215 | @a183页@d32开 | |
| 606 | 0 | @a环境生物学 |
| 690 | @aX174-49@v3 | |
| 701 | 0 | @a袁建国@4编著 |
| 801 | @aCN@bPftUser@c20000719 | |
| 905 | @dX174-49@eY269@b175246-248@f3 | |
| 野生动物趣谈:野生动物与环境(上)/袁建国编著.-北京:中国环境科学出版社,1997.10 |
| 183页;32开 |
| ISBN 7-80093-571-X:7.80元 |
| ● |
| 相关链接 |
|
|
|
正题名:野生动物趣谈:野生动物与环境(上)
索取号:X174-49/Y269
 
预约/预借
| 序号 | 登录号 | 条形码 | 馆藏地/架位号 | 状态 | 备注 |
| 1 | 175246 | 201752460 | 期刊室512/501自科库 63排5列5层/ [索取号:X174-49/Y269] | 在馆 | |
| 2 | 175247 | 201752479 | 期刊室512/501自科库 63排5列5层/ [索取号:X174-49/Y269] | 在馆 | |
| 3 | 175248 | 201752488 | 自科库501/ [索取号:X174-49/Y269] | 在馆 |